|
|
|
|
| LEADER |
00000nam0a2200000 4500 |
| 001 |
263054 |
| 005 |
20231101233716.0 |
| 010 |
|
|
|a 5335000910
|
| 035 |
|
|
|a (RuTPU)RU\TPU\book\286039
|
| 090 |
|
|
|a 263054
|
| 100 |
|
|
|a 20140605d1988 k y0rusy50 ca
|
| 101 |
0 |
|
|a rus
|
| 102 |
|
|
|a UA
|
| 105 |
|
|
|a y z 001zy
|
| 200 |
1 |
|
|a Экономико-статистические методы повышения качества металлопродукции
|f В. П. Сударев, О. В. Носоченко
|
| 210 |
|
|
|a Киев
|c Тэхника
|d 1988
|
| 215 |
|
|
|a 131 с.
|
| 320 |
|
|
|a Библиогр.: с. 127-129.
|
| 606 |
1 |
|
|a Черная металлургия, предприятия
|x Организация производства
|2 stltpush
|3 (RuTPU)RU\TPU\subj\18677
|9 44065
|
| 610 |
1 |
|
|a металлопродукция
|
| 610 |
1 |
|
|a экономико-статистические методы
|
| 610 |
1 |
|
|a повышение
|
| 610 |
1 |
|
|a качество
|
| 610 |
1 |
|
|a технологические процессы
|
| 610 |
1 |
|
|a механические характеристики
|
| 610 |
1 |
|
|a управление качеством
|
| 610 |
1 |
|
|a металлы
|
| 610 |
1 |
|
|a сталь
|
| 610 |
1 |
|
|a прокат
|
| 610 |
1 |
|
|a допуски
|
| 675 |
|
|
|a 658.1:658.5
|v 3
|
| 700 |
|
1 |
|a Сударев
|b В. П.
|g Василий Петрович
|
| 701 |
|
1 |
|a Носоченко
|b О. В.
|g Олег Васильевич
|
| 801 |
|
1 |
|a RU
|b 63413507
|c 20140605
|
| 801 |
|
2 |
|a RU
|b 63413507
|c 20150515
|g RCR
|
| 942 |
|
|
|c BK
|